000 00856nam a2200265 a 4500
001 57859
003 BD-RjUL
005 20211209080547.0
008 070516s2007 enka b 001 0 eng d
020 _a019929657X (hbk.)
020 _a9780199296576
035 _a(BD-RjUL)57983
040 _aUKM
_cUKM
_dBD-RjUL
_beng
041 _aeng
082 0 4 _a332.66
_223
_bMOI 2007
100 1 _aMorrison, Alan,
_d1967-
_9171861
245 1 0 _aInvestment banking :
_binstitutions, politics, and law /
_cAlan D. Morrison, William J. Wilhelm
260 _aNew York :
_bOxford University Press,
_c2007.
300 _aix, 341 p. :
_bill. ;
_c24 cm.
504 _aIncludes bibliographical references (p. [311]-331) and index.
650 0 _aInvestment banking.
_9171862
650 0 _aBonds
_9174574
700 1 _aWilhelm, William J.,
_d1959-
_9171863
942 _2ddc
_cBK
999 _c57859
_d57859